| 000 | 00569nam a22001937a 4500 | ||
|---|---|---|---|
| 005 | 20260521121542.0 | ||
| 010 | _aENG-148560 | ||
| 020 |
_c350.00 _a9788195575817 |
||
| 035 | _aEN-132092 | ||
| 037 | _bDBAD | ||
| 082 | _a808.883 | ||
| 100 |
_aChristic, Agatha _979393 |
||
| 245 |
_aThe Murder on the Links/ _cBy Agatha Christic |
||
| 250 | _a1 | ||
| 260 |
_bKitabeormai Publications _c2022 _aRajasthan |
||
| 270 |
_bJaipur _e302033 _aPratap nagar, Sanganer _mkitabeormai@gmail.com |
||
| 300 |
_a232p. _c22cm (pb) |
||
| 942 |
_2ddc _cEN _h808.883 _mCHR |
||
| 999 |
_c216332 _d216332 |
||